Tập bản đồ du lịch Việt Nam = Vietnam Tourist Atlas

Tallennettuna:
Bibliografiset tiedot
Aineistotyyppi: Sách
Kieli:Undetermined
Julkaistu:  Tài nguyên môi trường và bản đồ Việt Nam  2010
Aiheet:
Tagit: Lisää tagi
Ei tageja, Lisää ensimmäinen tagi!
Thư viện lưu trữ: Trung tâm Thư viện - Trường Đại học Công nghiệp TP. Hồ Chí Minh
LEADER 00486nam a2200133Ia 4500
001 UIH_06646
008 231011s9999 xx 000 0 und d
082 |a  912 
245 0 |a  Tập bản đồ du lịch Việt Nam = Vietnam Tourist Atlas 
260 |b  Tài nguyên môi trường và bản đồ Việt Nam 
260 |c  2010 
650 |a  Bản đồ;  
927 |a Sách 
980 |a Trung tâm Thư viện - Trường Đại học Công nghiệp TP. Hồ Chí Minh